| 000 | 01085cam a2200289 a 4500 | ||
|---|---|---|---|
| 001 | 725249 | ||
| 003 | ARRUPE | ||
| 005 | 20260312102853.0 | ||
| 008 | 980218s1998 ilu 001 0 eng | ||
| 010 | _a 98014288 | ||
| 020 |
_a1570714002 _qpbk. |
||
| 020 |
_a9781570714009 _q(pbk.) |
||
| 035 | _a725249 | ||
| 040 |
_aAJU _cAJU _dAJU |
||
| 043 | _an-us--- | ||
| 050 | 0 | 0 |
_aKF240 _b.H47 1998 |
| 082 | 0 | 0 |
_a340/.07/2073 _221 |
| 245 | 1 | 0 |
_aResearch made easy / _cedited by Christopher zishiri, Wonder Muchabaiwa and Munyaradzi Mawere. _ban afrocentric handbook for students and supervisor s of academic research |
| 260 |
_aMankon, Bamenda _bLangaa Research and Publishing _c2025 |
||
| 300 | _c23cm. | ||
| 300 | _axii, 203pages | ||
| 650 | 0 |
_aAcademic Research _zZimbabwe _xPopular works. _952948 |
|
| 906 |
_a7 _bcbc _corignew _d1 _eocip _f19 _gy-gencatlg |
||
| 942 |
_2lcc _cMONOGRAPH |
||
| 999 |
_c131978 _d131978 |
||